FSA concludes review of property investment schemes (Record no. 117048)
[ view plain ]
| 000 -LEADER | |
|---|---|
| fixed length control field | 01238cam a2200217 4500 |
| 001 - CONTROL NUMBER | |
| control field | WB4008-15 |
| 008 - FIXED-LENGTH DATA ELEMENTS--GENERAL INFORMATION | |
| fixed length control field | 040224n2004 000 0 eng u |
| 035 ## - SYSTEM CONTROL NUMBER | |
| System control number | (Sirsi) u125220 |
| 245 ## - TITLE STATEMENT | |
| Title | FSA concludes review of property investment schemes |
| 260 ## - PUBLICATION, DISTRIBUTION, ETC. | |
| Date of publication, distribution, etc. | 2004 |
| 490 ## - SERIES STATEMENT | |
| Series statement | FSA Press Release |
| Volume/sequential designation | (FSA/PN/016/2004 23 February 2004 (2) |
| 520 ## - SUMMARY, ETC. | |
| Summary, etc. | A review of property investment schemes available to retail investors by the Financial Services Authority (FSA) has concluded that such investment is relatively small, the product literature is quite clear and that much of the risky products are sold to wealthy clients by specialist independent financial advisors. The FSA will be placing more information on its website for consumers who are considering investing in property schemes, particularly limited partnerships. FSA has concluded that no significant regulatory action is required. For the FSA Press Release: http://www.fsa.gov.uk/pubs/press/2004/016.html |
| 590 ## - LOCAL NOTE (RLIN) | |
| Local note | WB |
| 590 ## - LOCAL NOTE (RLIN) | |
| Local note | WB |
| 650 ## - SUBJECT ADDED ENTRY--TOPICAL TERM | |
| Topical term or geographic name entry element | PROPERTY INVESTMENT MARKET |
| 650 ## - SUBJECT ADDED ENTRY--TOPICAL TERM | |
| Topical term or geographic name entry element | RETAIL INVESTMENT |
| 650 ## - SUBJECT ADDED ENTRY--TOPICAL TERM | |
| Topical term or geographic name entry element | PROPERTY FUND MANAGEMENT |
| 650 ## - SUBJECT ADDED ENTRY--TOPICAL TERM | |
| Topical term or geographic name entry element | FINANCIAL SERVICES AND MARKETS ACT 2000 |
| 690 ## - LOCAL SUBJECT ADDED ENTRY--TOPICAL TERM (OCLC, RLIN) | |
| Topical term or geographic name as entry element | VALUATION AND INVESTMENT APPRAISAL |
| 942 ## - ADDED ENTRY ELEMENTS (KOHA) | |
| Suppress in OPAC | 0 |
| Withdrawn status | Lost status | Source of classification or shelving scheme | Damaged status | Not for loan | Home library | Current library | Shelving location | Date acquired | Total Checkouts | Full call number | Barcode | Date last seen | Copy number | Price effective from | Koha item type |
|---|---|---|---|---|---|---|---|---|---|---|---|---|---|---|---|
| Dewey Decimal Classification | London | London | News article | 24/02/2004 | WB4008-15 | 125220-1001 | 06/08/2019 | 1 | 06/08/2019 | News article |